Palabras francesas Aleatorias - Estadísticas

Estadísticas generales
  • Esta prueba ha sido intentada 510 veces
  • La puntuación promedio es 7 de 10
Estadísticas de respuestas
Francés Español % Correcto
ouvrir abrir
100%
ami amigo
100%
bon bueno
100%
ciel cielo
100%
fruit fruta
100%
merci gracias
100%
parler hablar
100%
nuit noche
100%
film película
100%
rouge rojo
100%
soleil sol
100%
surprise sorpresa
100%
voyage viaje
100%
eau agua
95%
table mesa
95%
paysage paisaje
95%
fromage queso
95%
eau agua
94%
avec con
94%
frère hermano
94%
herbe hierba
94%
maison casa
93%
sport deporte
93%
meilleur mejor
93%
femme mujer
93%
pain pan
93%
soupe sopa
93%
cousin primo
92%
sucre azúcar
91%
écouter escuchar
91%
oncle tio
90%
et y
90%
fatigué cansado
88%
cuisinier cocinero
88%
fleur flor
88%
voir ver
88%
voler volar
88%
manger comer
87%
petit pequeño
87%
recevoir recibir
87%
fermer cerrar
86%
miroir espejo
86%
lumière luz
86%
chien perro
86%
ville ciudad
85%
écrire escribir
85%
nous nosotros
85%
huit ocho
85%
rivière río
85%
fenêtre ventana
85%
travailler trabajar
84%
je yo
83%
guide guía
81%
oeuf huevo
81%
lait leche
81%
vaccin vacuna
81%
île isla
80%
mer mar
80%
mardi martes
80%
poisson pescado
80%
temps tiempo
80%
plage playa
79%
chat gato
77%
faire hacer
77%
lire leer
77%
lit cama
76%
enthousiasme entusiasmo
76%
école escuela
76%
argent dinero
75%
chambre habitación
75%
regarder mirar
75%
soir tarde
74%
père padre
73%
nager nadar
72%
riz arroz
71%
dîner cenar
71%
étoile estrella
71%
place plaza
71%
aussi también
71%
moins menos
70%
rue calle
69%
appeler llamar
69%
beurre mantequilla
69%
viande carne
67%
jeu juego
67%
pluie lluvia
67%
pays país
64%
poulet pollo
64%
visage cara
63%
chaise silla
62%
maladie enfermedad
60%
heureux feliz
60%
marcher caminar
59%
fille niña
59%
quartier barrio
58%
soeur hermana
58%
boire beber
57%
glace helado
57%
désolé lo siento
57%
légume verdura
57%
courir correr
56%
horloge reloj
56%
lac lago
55%
écran pantalla
55%
mur pared
55%
chef jefe
54%
chaussette calcetín
53%
nourriture comida
53%
maintenant ahora
50%
étudiant alumno
50%
acheter comprar
50%
croiser cruzar
50%
argent dinero
50%
infirmier enfermero
50%
beaucoup mucho
50%
douter dudar
45%
valise maleta
45%
serviette toalla
45%
jupe falda
44%
or oro
43%
chemin camino
42%
peur miedo
42%
habitué acostumbrado
40%
âne burro
40%
faible débil
40%
fête fiesta
40%
réparer arreglar
38%
nuage nube
38%
taureau toro
38%
four horno
36%
mériter merecer
36%
même mismo
36%
route carretera
33%
veste chaqueta
33%
appartement piso
33%
casser romper
33%
sauter saltar
33%
autour alrededor
32%
drap sábana
31%
huile aceite
30%
abre árbol
30%
économiser ahorrar
29%
chaud caliente
27%
doux dulce
25%
feuille hoja
25%
toit techo
24%
haine odio
21%
suivre seguir
21%
bulle bulla
20%
graine semilla
20%
carte mapa
19%
déjeuner almuerzo
16%
essence gasolina
15%
empreinte huella
13%
chaussure zapato
11%
amer amargo
8%
énérvé enfado
0%
attendre esperar
0%
No se encontraron pruebas coincidentes
Distribución de puntuación
Porcentaje de gente con cada puntuación
Porcentaje por número respondido
Historial de tus puntuaciones
No has intentado esta prueba.